| 000 | 00586nam a2200157Ia 4500 | ||
|---|---|---|---|
| 008 | 100204s9999 xx 000 0 und d | ||
| 082 | _b22989 | ||
| 100 | _aडॉनलॉड रॉजर | ||
| 245 | _aएकदाच अशी रात्र येते | ||
| 260 |
_b"मेहता पब्लिशिंग हाऊस , पुणे" _c1998 |
||
| 300 | _a123 | ||
| 630 | _aएकदाच अशी रात्र येते | ||
| 700 | _aकिणीकर रॉय | ||
| 730 | _aएकदाच अशी रात्र येते | ||
| 942 | _cBOOK | ||
| 999 |
_c468098 _d468095 |
||